<?xml version="1.0" encoding="UTF-8"?>
<record
    xmlns:xsi="http://www.w3.org/2001/XMLSchema-instance"
    xsi:schemaLocation="http://www.loc.gov/MARC21/slim http://www.loc.gov/standards/marcxml/schema/MARC21slim.xsd"
    xmlns="http://www.loc.gov/MARC21/slim">

  <leader>01009nam2a2200277   4500</leader>
  <controlfield tag="001">RU\NLR\BIBL_A\022037234</controlfield>
  <controlfield tag="005">20250128194045.0</controlfield>
  <datafield tag="010" ind1=" " ind2=" ">
    <subfield code="a">978-5-295-07763-0</subfield>
    <subfield code="9">9000</subfield>
  </datafield>
  <datafield tag="021" ind1=" " ind2=" ">
    <subfield code="a">RU</subfield>
    <subfield code="b">&#x41A;&#x41D;-&#x41F;-22-091384</subfield>
    <subfield code="9">&#x41A;&#x41D;-&#x41F;-22-8128</subfield>
  </datafield>
  <datafield tag="035" ind1=" " ind2=" ">
    <subfield code="a">(NLR Aleph) 022037234</subfield>
  </datafield>
  <datafield tag="090" ind1=" " ind2=" ">
    <subfield code="a">13317501</subfield>
    <subfield code="c">13317501</subfield>
  </datafield>
  <datafield tag="100" ind1=" " ind2=" ">
    <subfield code="a">20230928d2022    m  y0rusy50      ca</subfield>
  </datafield>
  <datafield tag="101" ind1="0" ind2=" ">
    <subfield code="a">bak</subfield>
    <subfield code="a">ara</subfield>
  </datafield>
  <datafield tag="102" ind1=" " ind2=" ">
    <subfield code="a">RU</subfield>
  </datafield>
  <datafield tag="105" ind1=" " ind2=" ">
    <subfield code="a">a   z   000 y</subfield>
  </datafield>
  <datafield tag="181" ind1=" " ind2="0">
    <subfield code="a">i </subfield>
    <subfield code="b">axxe  </subfield>
  </datafield>
  <datafield tag="182" ind1=" " ind2="0">
    <subfield code="a">n</subfield>
  </datafield>
  <datafield tag="200" ind1="0" ind2=" ">
    <subfield code="a">2023</subfield>
    <subfield code="f">[&#x442;&#x4E9;&#x499;. &#x424;. &#x41C;. &#x411;&#x438;&#x43A;&#x442;&#x430;&#x448;&#x435;&#x432;&#x430; &#x4BB;. &#x431;.]</subfield>
  </datafield>
  <datafield tag="203" ind1=" " ind2=" ">
    <subfield code="a">&#x422;&#x435;&#x43A;&#x441;&#x442;</subfield>
    <subfield code="b">&#x432;&#x438;&#x437;&#x443;&#x430;&#x43B;&#x44C;&#x43D;&#x44B;&#x439;</subfield>
    <subfield code="c">&#x43D;&#x435;&#x43F;&#x43E;&#x441;&#x440;&#x435;&#x434;&#x441;&#x442;&#x432;&#x435;&#x43D;&#x43D;&#x44B;&#x439;</subfield>
  </datafield>
  <datafield tag="210" ind1=" " ind2=" ">
    <subfield code="d">2022</subfield>
  </datafield>
  <datafield tag="215" ind1=" " ind2=" ">
    <subfield code="a">381,[1] &#x431;.</subfield>
    <subfield code="c">&#x444;&#x43E;&#x442;.</subfield>
  </datafield>
  <datafield tag="461" ind1=" " ind2="0">
    <subfield code="1">001RU\NLR\ONL2\1642</subfield>
    <subfield code="1">2001#$a&#x411;&#x430;&#x448;&#x4A1;&#x43E;&#x440;&#x442;&#x441;&#x430; &#x434;&#x438;&#x43D;&#x438; &#x43A;&#x430;&#x43B;&#x435;&#x43D;&#x434;&#x430;&#x440;&#x44C;$f[&#x442;&#x4E9;&#x499;. &#x421;.&#x421;&#x443;&#x4A1;&#x431;&#x430;&#x435;&#x432; h. &#x431;.]$v2023</subfield>
    <subfield code="9">10268232</subfield>
    <subfield code="c">&#x4E8;&#x444;&#x4E9;</subfield>
    <subfield code="d">1999 -</subfield>
    <subfield code="f">[&#x442;&#x4E9;&#x499;. &#x421;.&#x421;&#x443;&#x4A1;&#x431;&#x430;&#x435;&#x432; h. &#x431;.]</subfield>
    <subfield code="n">&#x41A;&#x438;&#x442;&#x430;&#x43F;</subfield>
    <subfield code="t">&#x411;&#x430;&#x448;&#x4A1;&#x43E;&#x440;&#x442;&#x441;&#x430; &#x434;&#x438;&#x43D;&#x438; &#x43A;&#x430;&#x43B;&#x435;&#x43D;&#x434;&#x430;&#x440;&#x44C;</subfield>
    <subfield code="v">2023</subfield>
  </datafield>
  <datafield tag="852" ind1=" " ind2=" ">
    <subfield code="a">NLR</subfield>
    <subfield code="b">&#x41E;&#x41D;&#x41B;</subfield>
    <subfield code="j">&#x411;&#x430;&#x448;&#x43A;./3-4444</subfield>
  </datafield>
  <datafield tag="942" ind1=" " ind2=" ">
    <subfield code="c">BOOK</subfield>
  </datafield>
  <datafield tag="980" ind1=" " ind2=" ">
    <subfield code="a">NB</subfield>
  </datafield>
  <datafield tag="995" ind1=" " ind2=" ">
    <subfield code="5">2023-09-28</subfield>
    <subfield code="a">ad</subfield>
    <subfield code="b">NLR01</subfield>
    <subfield code="c">NLR01</subfield>
    <subfield code="e">ONL</subfield>
    <subfield code="f">1-3005565</subfield>
    <subfield code="k">&#x41E;&#x41D;&#x41B; &#x411;&#x430;&#x448;&#x43A;./3-4444</subfield>
    <subfield code="o">0</subfield>
    <subfield code="r">BOOK</subfield>
    <subfield code="s">_34444</subfield>
  </datafield>
</record>
